Chủ nghĩa thực dân kiểu mới của Mĩ và chính scahs của chính quyền Ngô Đình Diệm với Phật giáo miền Nam Việt Nam (1954 - 1963)

Chế độ thực dân kiểu mới của Mĩ ở miền Nam VN. Chính sách của chính quyền Ngô Đình Diệm với Phật giáo miền Nam Việt Nam và phong trào đấu tranh của phật tử miền Nam VN

Enregistré dans:
Détails bibliographiques
Auteur principal: Nguyễn, Thị Hương Giang
Autres auteurs: Nguyễn, Mạnh Hồng Th.S (Hướng dẫn)
Format: Livre
Langue:Vietnamese
Publié: Đại học Đà Nẵng Trường đại học Sư Phạm 2007
Collection:Khóa luận tốt nghiệp đại học. Chuyên ngành: Sư phạm Sử
Sujets:
Tags: Ajouter un tag
Pas de tags, Soyez le premier à ajouter un tag!
Thư viện lưu trữ: Mạng thư viện Đại học Đà Nẵng
LEADER 01647nam a2200349 4500
001 000012344
003 8639
005 20120217150226.0
008 120217s2007 viesd
041 |a vie 
072 |a Khóa luận tốt nghiệp 
082 |a 959.704092  |b NG-G 
100 |a Nguyễn, Thị Hương Giang 
245 |a Chủ nghĩa thực dân kiểu mới của Mĩ và chính scahs của chính quyền Ngô Đình Diệm với Phật giáo miền Nam Việt Nam (1954 - 1963)  |c Nguyễn, Thị Hương Giang 
260 |a Đại học Đà Nẵng  |b Trường đại học Sư Phạm  |c 2007 
300 |a 49 tr.  |b hình mhọa  |c 29 cm 
490 |a Khóa luận tốt nghiệp đại học. Chuyên ngành: Sư phạm Sử 
500 |a Tham khảo tr.47 - 49 
520 |a Chế độ thực dân kiểu mới của Mĩ ở miền Nam VN. Chính sách của chính quyền Ngô Đình Diệm với Phật giáo miền Nam Việt Nam và phong trào đấu tranh của phật tử miền Nam VN 
653 |a Khóa luận tốt nghiệp đại học 
653 |a Khoa Lịch Sử 
700 |a Nguyễn, Mạnh Hồng  |c Th.S  |e Hướng dẫn 
OWN |a LSP 
AVA |a UDN50  |b LSP  |d 959.704092 NG-G  |e available  |t Error 5001 Not defined in file expand_doc_bib_avail.  |f 1  |g 0  |h N  |i 0  |k 1 
999 |a From the UDN01 
AVA |a UDN50  |b LSP  |d 959.704092 NG-G  |e available  |t Error 5001 Not defined in file expand_doc_bib_avail.  |f 1  |g 0  |h N  |i 0  |k 1 
TYP |a Monograph 
TYP |a Printed language 
980 |a Mạng thư viện Đại học Đà Nẵng